000 00944cam a22002054a 4500
005 20250605164016.0
008 250528s ||||||||||||||||||||||||d
035 _a16154
020 _a9605123975
040 _aGR-AtMCL
_bgre
_dGR-AtMCL
_eAACR2
245 1 _aΟικοδομική και Αρχιτεκτονική Σύνθεση / 36η Γερμανική Έκδοση 2000
250 _a36η
260 _bΓκιούρδας,
_c2007
300 _a640
520 _aΒασικές Αρχές, Κανονισμοί, Πρότυπα και Προδιαγραφές σε σχέση με Σχεδιασμό, Κατασκευή, Διαμόρφωση, Διαστασιολόγηση κτιρίων - χώρων - εσωτερικών εγκαταστάσεων και εξοπλισμού με τον Άνθρωπο ως Μέτρο και Σκοπό.
700 1 _aNeufert Ernst
_92200
942 _cBK
999 _c1690
_d1690